Slavic languages - Statistics

General Stats
  • This quiz has been taken 91 times
    26 since last reset
  • The average score is 11 of 15
Answer Stats
Alphaber used Language % Correct
Latin Polish
96%
Cyrillic Russian
96%
Cyrillic Ukrainian
96%
Cyrillic Belarussian
92%
Latin Czech
92%
Latin Serbo-croatian
92%
Latin Slovak
92%
Cyrillic Bulgarian
84%
Cyrillic Macedonian
80%
Latin Slovenian
80%
Latin Bosnian
76%
Latin Sorbian
52%
Latin Kashubian
44%
Cyrillic Carpatho-rusyn
36%
Cyrillic Old Church Slavonic
12%
No matching quizzes found
Score Distribution
Percent of People with Each Score
Percentile by Number Answered
Your Score History
You have not taken this quiz since the last reset